[Event "AUTO-OPEN-2326"]
[Site "http://www.queenalice.com/game.php?id=922786"]
[Date "2011.4.7"]
[Round "1"]
[White "schwam"]
[Black "plano99"]
[Result "1-0"]
[WhiteElo "2138"]
[BlackElo "1420"]

1. c4 e5 2. Nc3 Nc6 3. Nf3 Nf6 4. g3 d6 5. Bg2 Be7 6. O-O O-O 7. d4 e4 8. Ng5
Bf5 9. Ngxe4 Nxe4 10. Nxe4 Bf6 11. Nxf6+ Qxf6 12. d5 Ne5 13. b3 b6 14. Bb2 a5
15. Rb1 Rab8 16. f4 Bxb1 17. Qxb1 g6 18. fxe5 Qg5 19. exd6 cxd6 20. Qd3 Rfe8 21.
Qc3 Qh6 22. Qh8# 1-0

[Event "AUTO-OPEN-2326"]
[Site "http://www.queenalice.com/game.php?id=922787"]
[Date "2011.4.7"]
[Round "1"]
[White "plano99"]
[Black "schwam"]
[Result "0-1"]
[WhiteElo "1331"]
[BlackElo "2127"]

1. d4 Nf6 2. Nc3 d5 3. Nf3 Bf5 4. Bf4 e6 5. e3 Bb4 6. Bd3 Ne4 7. O-O Nxc3 8.
bxc3 Bxd3 9. cxd3 Bd6 10. c4 Bxf4 11. exf4 O-O 12. Ne5 f6 13. Nf3 c6 14. c5 Na6
15. a3 Nc7 16. Qc2 g5 17. f5 exf5 18. a4 Ne6 19. g3 h5 20. Rab1 Rb8 21. Qd2 f4
22. Rfe1 Re8 23. Kg2 fxg3 24. fxg3 Qc7 25. a5 a6 26. h4 g4 27. Ne5 fxe5 0-1

[Event "AUTO-OPEN-2326"]
[Site "http://www.queenalice.com/game.php?id=922812"]
[Date "2011.4.7"]
[Round "1"]
[White "fafadu32"]
[Black "plano99"]
[Result "1-0"]
[WhiteElo "1320"]
[BlackElo "1310"]

1. e4 e5 2. Nf3 Nc6 3. Bb5 Nf6 4. Nc3 Bc5 5. Nxe5 Nxe5 6. d4 Nd3+ 7. Qxd3 Be7 8.
Bg5 c6 9. Bc4 O-O 10. O-O-O d6 11. Rhe1 Ng4 12. Be3 1-0

[Event "AUTO-OPEN-2326"]
[Site "http://www.queenalice.com/game.php?id=922813"]
[Date "2011.4.7"]
[Round "1"]
[White "plano99"]
[Black "fafadu32"]
[Result "0-1"]
[WhiteElo "1391"]
[BlackElo "1275"]

1. e4 e5 2. Nf3 Nc6 3. Nc3 Nf6 4. Bc4 Bb4 5. b3 d6 6. O-O Bg4 7. Bd5 Nxd5 8.
exd5 Nd4 9. h3 Nxf3+ 10. gxf3 Bxh3 11. Re1 Qg5+ 12. Kh1 Qg2# 0-1

[Event "AUTO-OPEN-2326"]
[Site "http://www.queenalice.com/game.php?id=922830"]
[Date "2011.4.7"]
[Round "1"]
[White "plano99"]
[Black "mahjones"]
[Result "0-1"]
[WhiteElo "1341"]
[BlackElo "2174"]

1. d4 d5 2. Nc3 c5 3. e4 dxe4 4. Nxe4 cxd4 5. Nf3 Nc6 6. c3 dxc3 7. Qxd8+ Nxd8
8. bxc3 e6 9. Bb5+ Nc6 10. Bxc6+ bxc6 11. Be3 f6 12. O-O Ba6 0-1

[Event "AUTO-OPEN-2326"]
[Site "http://www.queenalice.com/game.php?id=922831"]
[Date "2011.4.7"]
[Round "1"]
[White "mahjones"]
[Black "plano99"]
[Result "1-0"]
[WhiteElo "2171"]
[BlackElo "1343"]

1. e4 e5 2. Nf3 Nc6 3. d4 Bd6 4. d5 Nd4 5. Nxd4 Nf6 6. Nf5 O-O 7. Nxd6 cxd6 8.
Nc3 b6 9. Be2 Bb7 10. O-O g6 11. Bg5 h6 12. Bxh6 Re8 13. Bg5 1-0

[Event "AUTO-INT-2002"]
[Site "http://www.queenalice.com/game.php?id=923009"]
[Date "2011.4.7"]
[Round "1"]
[White "Ralfostarr"]
[Black "plano99"]
[Result "1-0"]
[WhiteElo "1414"]
[BlackElo "1387"]

1. e4 e5 2. Qh5 Nc6 3. Bb5 g6 4. Qf3 Nf6 5. d3 d6 6. Bg5 Be7 7. Nh3 Bd7 8. c4
Nd4 9. Bxd7+ Qxd7 10. Qd1 Ng4 11. O-O Bxg5 12. Nxg5 1-0

[Event "AUTO-INT-2002"]
[Site "http://www.queenalice.com/game.php?id=923010"]
[Date "2011.4.7"]
[Round "1"]
[White "plano99"]
[Black "Ralfostarr"]
[Result "0-1"]
[WhiteElo "1372"]
[BlackElo "1429"]

1. d4 d5 2. Nc3 g6 3. e4 dxe4 4. Nxe4 f5 5. Ng5 Nh6 6. Bc4 e5 7. Be6 Bb4+ 8. Bd2
Qxd4 9. Bxb4 Bxe6 10. Qxd4 exd4 11. Nxe6 a5 0-1

[Event "AUTO-INT-2002"]
[Site "http://www.queenalice.com/game.php?id=923023"]
[Date "2011.4.7"]
[Round "1"]
[White "VFA"]
[Black "plano99"]
[Result "1-0"]
[WhiteElo "1743"]
[BlackElo "1415"]

1. e4 e5 2. Nf3 Nc6 3. Bb5 Nf6 4. d3 Bb4+ 5. c3 Bd6 6. O-O O-O 7. d4 b6 8. Bxc6
dxc6 9. dxe5 Bxe5 10. Nxe5 Nxe4 11. Nxc6 1-0

[Event "AUTO-INT-2002"]
[Site "http://www.queenalice.com/game.php?id=923024"]
[Date "2011.4.7"]
[Round "1"]
[White "plano99"]
[Black "VFA"]
[Result "0-1"]
[WhiteElo "1418"]
[BlackElo "1740"]

1. d4 d5 2. Nc3 Nf6 3. Nf3 Bg4 4. Bf4 e6 5. e3 h6 6. Ne5 Bxd1 7. Nxd1 Bd6 8.
Bb5+ c6 9. Nxc6 bxc6 10. Bxd6 Qxd6 0-1

[Event "AUTO-OPEN-2327"]
[Site "http://www.queenalice.com/game.php?id=923150"]
[Date "2011.4.7"]
[Round "1"]
[White "orinto"]
[Black "plano99"]
[Result "1-0"]
[WhiteElo "1755"]
[BlackElo "1323"]

1. d4 d5 2. c4 Nf6 3. Nf3 dxc4 4. Nc3 e6 5. e3 Bb4 6. Bxc4 O-O 7. O-O Nc6 8. a3
Bxc3 9. bxc3 e5 10. d5 Na5 11. Ba2 Bd7 12. Nxe5 c6 13. dxc6 Bxc6 14. Qe2 Ne4 15.
Rd1 Qe7 16. Nxc6 1-0

[Event "AUTO-OPEN-2327"]
[Site "http://www.queenalice.com/game.php?id=923151"]
[Date "2011.4.7"]
[Round "1"]
[White "plano99"]
[Black "orinto"]
[Result "0-1"]
[WhiteElo "1321"]
[BlackElo "1757"]

1. d4 Nf6 2. Nc3 e6 3. e4 d5 4. e5 Nfd7 5. Nf3 c5 6. Bg5 Qb6 7. b3 cxd4 8. Qxd4
Bc5 9. Qd2 d4 10. Na4 Qc6 11. Nxd4 Bxd4 12. Qxd4 Qxc2 13. Bb5 Qf5 14. Be3 a6 15.
Bxd7+ Nxd7 0-1

[Event "AUTO-OPEN-2327"]
[Site "http://www.queenalice.com/game.php?id=923172"]
[Date "2011.4.7"]
[Round "1"]
[White "plano99"]
[Black "Aborigen"]
[Result "0-1"]
[WhiteElo "1408"]
[BlackElo "1878"]

1. e4 c5 2. Nc3 Nc6 3. Nf3 e6 4. d4 cxd4 5. Nxd4 e5 6. Nxc6 bxc6 7. Bc4 Nf6 8.
Bg5 Be7 9. O-O O-O 10. a3 Bb7 0-1

[Event "AUTO-OPEN-2327"]
[Site "http://www.queenalice.com/game.php?id=923174"]
[Date "2011.4.7"]
[Round "1"]
[White "plano99"]
[Black "Erenir"]
[Result "0-1"]
[WhiteElo "1339"]
[BlackElo "2178"]

1. d4 d5 2. Nf3 Nf6 3. Bg5 Ne4 4. Be3 c5 5. Nc3 f6 6. Qd3 c4 7. Qd1 Nc6 8. b3
Nxc3 9. bxc4 Nxd1 10. Kxd1 dxc4 11. c3 Bf5 12. a3 e5 13. g3 Qa5 14. Bd2 Bxa3 15.
Bg2 Qb6 16. Rxa3 Qb1+ 17. Bc1 Qc2+ 0-1

[Event "AUTO-OPEN-2327"]
[Site "http://www.queenalice.com/game.php?id=923175"]
[Date "2011.4.7"]
[Round "1"]
[White "Erenir"]
[Black "plano99"]
[Result "1-0"]
[WhiteElo "2179"]
[BlackElo "1337"]

1. e4 e5 2. Nf3 Nc6 3. Bb5 Nf6 4. O-O Nd4 5. Nxd4 exd4 6. e5 Nd5 7. d3 c6 8. Bc4
b5 9. Bxd5 cxd5 10. a4 Ba6 11. Nd2 Bb4 12. Nb3 O-O 13. Nxd4 Rc8 14. axb5 Bc5 15.
Qg4 Bb7 16. Nf5 1-0